مكتبة جامعة عجلون الوطنية

فهرس بحث المكتبة

الابعاد الاجتماعية في شعر مصطفى وهبي التل"عرار"= The Social Aspects in the poetry of Mustafa Wahbi AL- tALL"Arar" / (Record no. 33655)

MARC details
000 -LEADER
fixed length control field 01047nam a22001937a 4500
003 - CONTROL NUMBER IDENTIFIER
control field JO-AjAnu
005 - DATE AND TIME OF LATEST TRANSACTION
control field 20240908134852.0
008 - FIXED-LENGTH DATA ELEMENTS--GENERAL INFORMATION
fixed length control field 240908b jo ||||| |||| 00| 0 ara d
040 ## - CATALOGING SOURCE
Original cataloging agency JO-AjAnu
Transcribing agency JO-AjAnu
041 ## - LANGUAGE CODE
Language code of text/sound track or separate title ARA
100 #1 - MAIN ENTRY--PERSONAL NAME
Personal name غرايبة، عبدالله محمد
9 (RLIN) 66157
Relator term معد
245 20 - TITLE STATEMENT
Title الابعاد الاجتماعية في شعر مصطفى وهبي التل"عرار"= The Social Aspects in the poetry of Mustafa Wahbi AL- tALL"Arar" /
Statement of responsibility, etc. اعداد عبدالله محمد غرايبة ؛ إشراف علي قاسم الخرابشة
260 ## - PUBLICATION, DISTRIBUTION, ETC.
Date of publication, distribution, etc. 2024
300 ## - PHYSICAL DESCRIPTION
Extent 130ورقة
500 ## - GENERAL NOTE
General note رسالة جامعية ( رسالة ماجستير اللغة العربية وآدبها) - جامعة عجلون الوطنية (عجلون، الاردن)، كلية الآداب 2024.
650 70 - SUBJECT ADDED ENTRY--TOPICAL TERM
Topical term or geographic name entry element الشعر العربي - القرن العشرين - الاردن- تاريخ ونقد - مصطفى وهبي التل
9 (RLIN) 66158
700 #1 - ADDED ENTRY--PERSONAL NAME
Personal name الخرابشة، علي قاسم
Relator term مشرف
9 (RLIN) 66053
942 ## - ADDED ENTRY ELEMENTS (KOHA)
Source of classification or shelving scheme Library of Congress Classification
Koha item type Thesis
Suppress in OPAC No
Holdings
Withdrawn status Lost status Source of classification or shelving scheme Damaged status Not for loan Home library Current library Date acquired Total Checkouts Full call number Barcode Date last seen Price effective from Koha item type
    Library of Congress Classification     مكتبة جامعة عجلون الوطنية مكتبة جامعة عجلون الوطنية 08/09/2024   PJ7864 2024 a29993 08/09/2024 08/09/2024 Thesis
    Library of Congress Classification     مكتبة جامعة عجلون الوطنية مكتبة جامعة عجلون الوطنية 08/09/2024   PJ7864 2024 A29992 08/09/2024 08/09/2024 Thesis